<?xml version="1.0" encoding="UTF-8"?>
<record
    xmlns:xsi="http://www.w3.org/2001/XMLSchema-instance"
    xsi:schemaLocation="http://www.loc.gov/MARC21/slim http://www.loc.gov/standards/marcxml/schema/MARC21slim.xsd"
    xmlns="http://www.loc.gov/MARC21/slim">

  <leader>01214cam5a220028901 4500</leader>
  <controlfield tag="001">lce01026042</controlfield>
  <controlfield tag="008">710520s1970    pl       b    000 0 eng  </controlfield>
  <datafield tag="010" ind1=" " ind2=" ">
    <subfield code="a">   75023993 //r83</subfield>
  </datafield>
  <datafield tag="035" ind1=" " ind2=" ">
    <subfield code="a">(Sirsi) r87463</subfield>
  </datafield>
  <datafield tag="035" ind1=" " ind2=" ">
    <subfield code="a">(DLC)   75023993 //r83</subfield>
  </datafield>
  <datafield tag="035" ind1=" " ind2=" ">
    <subfield code="a">(UPRA)lce01026042</subfield>
  </datafield>
  <datafield tag="041" ind1="1" ind2=" ">
    <subfield code="a">eng fre</subfield>
    <subfield code="h">eng fre</subfield>
  </datafield>
  <datafield tag="050" ind1="0" ind2=" ">
    <subfield code="a">QA614.3</subfield>
    <subfield code="b">.S5613</subfield>
  </datafield>
  <datafield tag="100" ind1="1" ind2=" ">
    <subfield code="a">Slebodzinski, Wladyslaw.</subfield>
    <subfield code="6">A46875.1</subfield>
  </datafield>
  <datafield tag="240" ind1="1" ind2="0">
    <subfield code="a">Formes exterieures et leurs applications. English</subfield>
    <subfield code="l">Formes exterieures et leurs applications. English</subfield>
  </datafield>
  <datafield tag="245" ind1="1" ind2="0">
    <subfield code="a">Exterior forms and their applications</subfield>
    <subfield code="c">[by] Wladyslaw Slebodzinski. Rev. translation from the French. [Translated by Abraham Goetz]</subfield>
  </datafield>
  <datafield tag="260" ind1=" " ind2=" ">
    <subfield code="a">Warszawa</subfield>
    <subfield code="b">[Polish Scientific Publishers]</subfield>
    <subfield code="c">1970.</subfield>
  </datafield>
  <datafield tag="490" ind1="1" ind2=" ">
    <subfield code="a">Instytut Matematyczny Polskiej Akademii Nauk. Monografie matematyczne, t. 52</subfield>
  </datafield>
  <datafield tag="500" ind1=" " ind2=" ">
    <subfield code="a">Translation of Formes exterieures et leurs applications.</subfield>
  </datafield>
  <datafield tag="504" ind1=" " ind2=" ">
    <subfield code="a">Bibliography: p. [417]-420.</subfield>
  </datafield>
  <datafield tag="650" ind1=" " ind2="0">
    <subfield code="a">Differentiable manifolds.</subfield>
    <subfield code="6">S36043.1</subfield>
  </datafield>
  <datafield tag="650" ind1=" " ind2="0">
    <subfield code="a">Exterior forms.</subfield>
    <subfield code="6">S36044.1</subfield>
  </datafield>
  <datafield tag="650" ind1=" " ind2="0">
    <subfield code="a">Algebras, Linear.</subfield>
    <subfield code="6">S3010.1</subfield>
  </datafield>
  <datafield tag="830" ind1=" " ind2="0">
    <subfield code="a">Monografie matematyczne ;</subfield>
    <subfield code="v">t. 52.</subfield>
    <subfield code="6">S7764.1</subfield>
  </datafield>
  <datafield tag="949" ind1=" " ind2=" ">
    <subfield code="a">QA614.3</subfield>
    <subfield code="w">lcc</subfield>
    <subfield code="i">33729000245980</subfield>
    <subfield code="m">MAIN</subfield>
    <subfield code="p">2500</subfield>
    <subfield code="t">BOOK</subfield>
    <subfield code="l">ON-SHELF</subfield>
  </datafield>
  <controlfield tag="004">87463</controlfield>
  <datafield tag="999" ind1=" " ind2=" ">
    <subfield code="c">136553</subfield>
    <subfield code="d">136553</subfield>
  </datafield>
</record>
